Personnages de Tintin par image - Statistiques

Statistiques générales
  • Ce quiz a été pris 16 279 fois
  • Le résultat moyen est 9 sur 20
Statistiques - réponses
Par images Réponse % Correct
Tintin
100%
Milou
98%
Capitaine Haddock
96%
Professeur Tournesol
88%
Bianca Castafiore
87%
Dupond et Dupont
87%
Nestor
58%
Roberto Rastapopoulos
50%
Tchang
44%
Allan Thompson
36%
Général Alcazar
33%
Docteur Müller
29%
Séraphin Lampion
29%
Irma
24%
Oliveira da Figueira
19%
Szut
19%
Lazlo Carreidas
14%
Mitsuhirato
14%
Professeur Siclone
9%
Colonel Boris
7%
Aucun quiz correspondant
Distribution des résultats
% des personnes avec chaque résultat
Percentile par nombre de réponses
Votre historique - résultats
Vous n’avez pas pris ce quiz